000 00353nam a2200145Ia 4500
008 191201s2004 xx 000 0 und d
082 _a510
_bPID
100 _aPIAGGIO, H T H
245 0 _aDifferential Equations
250 _a1st
260 _aN.Delhi
_bCBS Publishers and Distributor
_c2004
300 _a256
650 _aB.Tech(CSE)
942 _2ddc
_cBK
999 _c996
_d996